50 Biggest Places In South Carolina - Statistics

General Stats
  • This quiz has been taken 9 times
  • The average score is 20 of 50
Answer Stats
First Letter County(s) Population Answer % Correct
C Berkeley 158,367 Charleston
100%
M Horry 42,179 Myrtle Beach
100%
A Anderson 30,316 Anderson
88%
C Lexington 146,563 Columbia
88%
F Florence 40,950 Florence
88%
G Greenville 73,964 Greenville
88%
G Greenwood 22,456 Greenwood
88%
R York 76,289 Rock Hill
88%
S Spartanburg 39,328 Spartanburg
88%
S Sumter 42,330 Sumter
88%
B Beaufort 14,020 Beaufort
75%
H Beaufort 38,437 Hilton Head Island
75%
L Lexington 25,766 Lexington
75%
N Berkeley 125,414 North Charleston
75%
A Aiken 33,485 Aiken
63%
C Pickens 17,894 Clemson
63%
C Horry 29,891 Conway
63%
O Orangeburg 13,353 Orangeburg
63%
M Charleston 97,903 Mount Pleasant
50%
N Horry 21,231 North Myrtle Beach
50%
S Dorchester 52,406 Summerville
50%
E Pickens 28,620 Easley
38%
F Lancaster 39,251 Fort Mill
38%
M Greenville 30,166 Mauldin
38%
N Aiken 26,827 North Augusta
38%
W Lexington 18,847 West Columbia
38%
B Beaufort 39,846 Bluffton
25%
G Berkeley 51,248 Goose Creek
25%
G Greenville 50,113 Greer
25%
H Berkeley 22,578 Hanahan
25%
M Berkeley 18,743 Moncks Corner
25%
P Beaufort 17,476 Port Royal
25%
C Lexington 13,594 Cayce
13%
H Jasper 14,679 Hardeeville
13%
S Greenville 30,109 Simpsonville
13%
T York 14,812 Tega Cay
13%
W Greenville 21,131 Wade Hampton
13%
B Anderson 16,656 Berea
0%
C Horry 31,029 Carolina Forest
0%
D Richland 16,983 Dentsville
0%
F Greenville 19,705 Five Forks
0%
F Greenville 14,702 Fountain Inn
0%
G Greenville 14,288 Gnatt
0%
L Berkeley 15,675 Ladson
0%
L York 15,767 Lake Wylie
0%
R Horry 16,176 Red Hill
0%
S Lexington 15,997 Seven Oaks
0%
S Horry 25,592 Socastee
0%
S Lexington 22,263 St. Andrews
0%
T Greenville 23,352 Taylors
0%
No matching quizzes found
Score Distribution
Percent of People with Each Score
Percentile by Number Answered
Your Score History
You have not taken this quiz